<?xml version="1.0" encoding="UTF-8"?>
<collection xmlns="http://www.loc.gov/MARC21/slim">
<record>
  <controlfield tag="001">126290</controlfield>
  <controlfield tag="005">20240731103400.0</controlfield>
  <datafield tag="024" ind1="7" ind2=" ">
    <subfield code="2">doi</subfield>
    <subfield code="a">10.20502/rbg.v24i2.2244</subfield>
  </datafield>
  <datafield tag="024" ind1="8" ind2=" ">
    <subfield code="2">sideral</subfield>
    <subfield code="a">133556</subfield>
  </datafield>
  <datafield tag="037" ind1=" " ind2=" ">
    <subfield code="a">ART-2023-133556</subfield>
  </datafield>
  <datafield tag="041" ind1=" " ind2=" ">
    <subfield code="a">por</subfield>
  </datafield>
  <datafield tag="100" ind1=" " ind2=" ">
    <subfield code="a">Marchioro, Eberval</subfield>
  </datafield>
  <datafield tag="245" ind1=" " ind2=" ">
    <subfield code="a">Avaliação hidrogeomorfológica: a aplicação do IHG em uma bacia hidrográfica da região metropolitana da Grande Vitória (ES)</subfield>
  </datafield>
  <datafield tag="260" ind1=" " ind2=" ">
    <subfield code="c">2023</subfield>
  </datafield>
  <datafield tag="506" ind1="0" ind2=" ">
    <subfield code="a">Access copy available to the general public</subfield>
    <subfield code="f">Unrestricted</subfield>
  </datafield>
  <datafield tag="520" ind1="3" ind2=" ">
    <subfield code="a">Alterações hidrogeomorfológicas têm ocorrido ao longo de bacias hidrográficas com diferente magnitude e frequência. Em função disto, este trabalho tem como objetivo avaliar a qualidade hidrogeomorfológica do curso principal do rio Duas Bocas, na Região Metropolitana da Grande Vitória (ES/Brasil) para o ano de 2019, subsidiando o planejamento e gestão ambiental de cursos fluviais. A base cartográfica utilizada para realização do trabalho foram o ortofotomosaico de 2019 e o MDE com resolução espacial de 5mx5m; a drenagem foi modificada do IEMA, e, por fim, reconhecimento e verificação em campo. Para a classificação hidrogeomorfológica do curso fluvial é utilizado a proposta de Ollero et al. (2009). Com base nas informações cartográficas, o rio principal foi subdividido em cinco setores com extensão 5,66 km. Os resultados apontam que o setor de número 1, foi classificado hidrogeomorfologicamente como muito bom, devido as condições geoambientais. Quanto ao setor 3, foi classificado como de transição (moderado). Salienta-se ainda que a urbanização, construção de estradas, pontes, açudes e atividades agropastoris, influenciaram para uma qualidade deficiente do setor 4 e muito ruim para o setor 5. O setor 2 também foi classificado como muito ruim, devido ao efeito do reservatório de Duas Bocas. Por fim, o método mostrou-se efetivo para a sua aplicação em regiões tropicais quentes e úmidas, incorporando o papel antrópico sobre os processos hidrogeomorfológicos.</subfield>
  </datafield>
  <datafield tag="540" ind1=" " ind2=" ">
    <subfield code="9">info:eu-repo/semantics/openAccess</subfield>
    <subfield code="a">by</subfield>
    <subfield code="u">http://creativecommons.org/licenses/by/3.0/es/</subfield>
  </datafield>
  <datafield tag="592" ind1=" " ind2=" ">
    <subfield code="a">0.238</subfield>
    <subfield code="b">2023</subfield>
  </datafield>
  <datafield tag="593" ind1=" " ind2=" ">
    <subfield code="a">Earth-Surface Processes</subfield>
    <subfield code="c">2023</subfield>
    <subfield code="d">Q3</subfield>
  </datafield>
  <datafield tag="594" ind1=" " ind2=" ">
    <subfield code="a">1.3</subfield>
    <subfield code="b">2023</subfield>
  </datafield>
  <datafield tag="655" ind1=" " ind2="4">
    <subfield code="a">info:eu-repo/semantics/article</subfield>
    <subfield code="v">info:eu-repo/semantics/publishedVersion</subfield>
  </datafield>
  <datafield tag="700" ind1=" " ind2=" ">
    <subfield code="a">Ollero, Alfredo</subfield>
    <subfield code="u">Universidad de Zaragoza</subfield>
    <subfield code="0">(orcid)0000-0002-9745-5866</subfield>
  </datafield>
  <datafield tag="710" ind1="2" ind2=" ">
    <subfield code="1">3006</subfield>
    <subfield code="2">430</subfield>
    <subfield code="a">Universidad de Zaragoza</subfield>
    <subfield code="b">Dpto. Geograf. Ordenac.Territ.</subfield>
    <subfield code="c">Área Geografía Física</subfield>
  </datafield>
  <datafield tag="773" ind1=" " ind2=" ">
    <subfield code="g">24, 2 (2023), e2244 [27 pp.]</subfield>
    <subfield code="t">Revista Brasileira de Geomorfologia</subfield>
    <subfield code="x">1519-1540</subfield>
  </datafield>
  <datafield tag="856" ind1="4" ind2=" ">
    <subfield code="s">2592429</subfield>
    <subfield code="u">http://zaguan.unizar.es/record/126290/files/texto_completo.pdf</subfield>
    <subfield code="y">Versión publicada</subfield>
  </datafield>
  <datafield tag="856" ind1="4" ind2=" ">
    <subfield code="s">2526756</subfield>
    <subfield code="u">http://zaguan.unizar.es/record/126290/files/texto_completo.jpg?subformat=icon</subfield>
    <subfield code="x">icon</subfield>
    <subfield code="y">Versión publicada</subfield>
  </datafield>
  <datafield tag="909" ind1="C" ind2="O">
    <subfield code="o">oai:zaguan.unizar.es:126290</subfield>
    <subfield code="p">articulos</subfield>
    <subfield code="p">driver</subfield>
  </datafield>
  <datafield tag="951" ind1=" " ind2=" ">
    <subfield code="a">2024-07-31-09:59:03</subfield>
  </datafield>
  <datafield tag="980" ind1=" " ind2=" ">
    <subfield code="a">ARTICLE</subfield>
  </datafield>
</record>
</collection>